Statistics for "B" Cities to Capital

Click here to take the quiz!

General Stats

  • This quiz has been taken 45 times
  • The average score is 11 of 12

Answer Stats

"B" CityPopulationCapital% Correct
Birmingham (UK)1.09 millionLondon
100%
Barcelona1.62 millionMadrid
100%
Brisbane2.19 millionCanberra
97%
Boston695,000Washington D.C.
97%
Bremen547,000Berlin
95%
Bengaluru5.10 millionNew Delhi
95%
Belo Horizonte2.37 millionBrasilia
89%
Busan3.69 millionSeoul
89%
Brampton434,000Ottawa
81%
Baoding996,000Beijing
78%
Barranquilla1.38 millionBogota
78%
Bandung1.70 millionJakarta
76%

Score Distribution

Percentile by Number Answered

Percent of People with Each Score

Your Score History

You have not taken this quiz